|
|
|
|
| LEADER |
01339nam a2200289 a 4500 |
| 001 |
00023113 |
| 008 |
110621s2004 bg w 000 0 eng d |
| 040 |
|
|
|a BD-DhAAL
|c BD-DhAAL
|
| 082 |
0 |
0 |
|a 348.5492/046
|2 21
|
| 245 |
0 |
4 |
|a The Bangladesh law chronicles,
|n volume no.9 /
|c editor, Syed Mokaddas Ali.
|
| 246 |
1 |
|
|i Cited as:
|a BLC
|
| 260 |
|
|
|a Dhaka, Bangladesh :
|b Silver Linning Press,
|c 2004-
|
| 300 |
|
|
|a 712 p. ;
|c 25 cm.
|
| 310 |
|
|
|a Monthly
|
| 362 |
0 |
|
|a Vol. 9 (Jan. 2004)-
|
| 500 |
|
|
|a Title from cover.
|
| 500 |
|
|
|a Cit. 9 BLC (AD);9 BLC etc.
|
| 500 |
|
|
|a Cumulated in an annual bound volume.
|
| 541 |
|
|
|e 00023113
|
| 650 |
|
0 |
|a Law reports, digests, etc.
|z Bangladesh.
|
| 700 |
1 |
|
|a Ali,Syed Mokaddas.
|
| 852 |
4 |
|
|a Ayesha Abed Library
|j General shelf
|
| 942 |
0 |
0 |
|0 1
|
| 999 |
|
|
|c 11056
|d 11056
|
| 952 |
|
|
|0 0
|1 0
|2 ddc
|4 0
|6 348_549204600000000_BAN
|7 0
|9 17420
|a BRACUL
|b BRACUL
|c REF
|d 2011-07-12
|l 3
|o 348.5492046 BAN
|p 3010023113
|r 2018-07-28
|s 2018-07-28
|t 1
|w 2011-07-12
|y 1HOUR
|x Available
|
| 952 |
|
|
|0 0
|1 0
|2 ddc
|4 0
|6 348_549204600000000_BAN
|7 0
|9 17421
|a BRACUL
|b BRACUL
|c REF
|d 2011-07-12
|l 4
|o 348.5492046 BAN
|p 3010023114
|r 2018-12-11
|s 2016-03-20
|t 2
|w 2011-07-12
|y 1HOUR
|x Available
|
| 952 |
|
|
|0 0
|1 0
|2 ddc
|4 0
|6 348_549204600000000_BAN
|7 0
|9 19906
|a BRACUL
|b BRACUL
|c REF
|d 2012-04-05
|l 4
|o 348.5492046 BAN
|p 3010024882
|r 2019-11-28
|s 2019-11-28
|t 3
|w 2012-04-05
|y 1HOUR
|